000
00239nam a2200097Ia 4500
001
1197637
005
20250827021830.0
008
250824s9999 xx 000 0 und d
245
0
_a
EYVALLAH
_c
KAHRAMAN TAZEOĞLU
260
_b
DESTEK YAYINLARI
999
_c
1197637
_d
1197637